[Event "Cecchina op"]
[Site "Cecchina"]
[Date "1997.??.??"]
[Round "8"]
[White "Quimi, Marco"]
[Black "Corvi, Marco"]
[Result "0-1"]
[WhiteElo "2245"]
[BlackElo "2235"]

1.e4 c5 2.Nf3 e6 3.d4 cxd4 4.Nxd4 a6 5.Nc3 Qc7 6.Be3 Nc6 7.Be2 b5 8.a3 Bb7
9.O-O Rc8 10.f4 Bc5 11.Nf5 Nce7 12.Bxc5 Qxc5+ 13.Nd4 Nc6 14.Kh1 Nxd4 15.Bd3 f5
16.exf5 Nxf5 17.Be4 Bxe4 18.Nxe4 Qc6 19.Qh5+ g6 20.Qf3 Nd6 21.Nxd6+ Qxd6
22.f5 gxf5 23.Rad1 Qe7 24.Qb7 Rd8 25.Qxa6 Nf6 26.Qxb5 Ne4 27.Qe5 Rg8 28.g3 d6
29.Qb5+ Qd7 30.Qe2 Qb7 31.Kg1 Rg6 32.Rd3 Qxb2 33.Rb3 Qd4+ 34.Kh1 Qd5 35.Kg1 Qd4+
36.Kh1 Qd5 37.Kg1 Qc5+ 38.Kh1 Qc6 39.Kg1 Ke7 40.Qh5 Nf6 41.Qh4 Qxc2 42.Rfb1 Qe4
43.Qh3 Rd7 44.Qf1 Qd4+ 45.Kh1 Ne4 46.Qf4 Nf2+  0-1

[Event "Chicago op"]
[Site "Chicago"]
[Date "1997.??.??"]
[Round "7"]
[White "Palos, Osman"]
[Black "Giardelli, Sergio C"]
[Result "1-0"]
[WhiteElo "2365"]
[BlackElo "2460"]

1.e4 c5 2.Nf3 e6 3.Nc3 a6 4.d4 cxd4 5.Nxd4 Qc7 6.Bd3 Nf6 7.O-O Nc6 8.Nxc6 bxc6
9.Qe2 e5 10.f4 Bd6 11.f5 Bc5+ 12.Kh1 h6 13.Na4 Ba7 14.b3 d6 15.Ba3 O-O 16.Rae1 Re8
17.Bc1 d5 18.Qf3 Bb7 19.Qg3 Kf8 20.c4 Bd4 21.Ba3+ Kg8 22.Bc5 Bxc5 23.Nxc5 Bc8
24.cxd5 cxd5 25.Rc1 Qa5 26.exd5 e4 27.Bb1 e3 28.Qf3 Ra7 29.d6 Qb6 30.Qg3 Bd7
31.Rfe1 e2 32.a3 h5 33.h3 a5 34.Qf4 Bc6 35.Bd3 Nd7 36.Qg5 Qd8 37.Qxd8 Rxd8
38.Ne4 Ba8 39.Rxe2 Ne5 40.Bc4 h4 41.Kh2  1-0

[Event "Capablanca 32th Premier-B"]
[Site "Cienfuegos"]
[Date "1997.??.??"]
[Round "2"]
[White "Galego, Luis"]
[Black "Blees, Albert"]
[Result "1-0"]
[WhiteElo "2475"]
[BlackElo "2405"]

1.e4 c5 2.Nf3 e6 3.Nc3 a6 4.d4 cxd4 5.Nxd4 d6 6.Bc4 b5 7.Bb3 Nd7 8.Bxe6 fxe6
9.Nxe6 Qb6 10.Nd5 Qb7 11.Bf4 Ne5 12.Nec7+ Kf7 13.Bxe5 dxe5 14.Qh5+ g6 15.Qf3+ Kg7
16.Ne8+  1-0

[Event "Capablanca 32th Premier-B"]
[Site "Cienfuegos"]
[Date "1997.??.??"]
[Round "12"]
[White "Perez, Rodney"]
[Black "Blees, Albert"]
[Result "0-1"]
[WhiteElo "2385"]
[BlackElo "2405"]

1.e4 c5 2.Nf3 e6 3.Nc3 a6 4.d4 cxd4 5.Nxd4 d6 6.Be3 Nf6 7.Be2 Nc6 8.O-O Be7
9.f4 O-O 10.Kh1 Bd7 11.Qe1 e5 12.fxe5 dxe5 13.Nf5 Bxf5 14.Rxf5 Nd4 15.Rd1 Qc7
16.Bxd4 exd4 17.Rxd4 g6 18.Rf1 Qe5 19.Qd1 b5 20.Nd5 Nxd5 21.Rxd5 Qxb2 22.Qb1 Qc3
23.Qb3 Qc6 24.c4 b4 25.c5 a5 26.Qc4 Rac8 27.Bg4 Rc7 28.Rfd1 Qf6 29.Qb5 Qf4
30.Bf3 Rfc8 31.Qxa5 Rxc5 32.Rxc5 Rxc5 33.Qa6 Rc3 34.Qa8+ Kg7 35.Rf1 Rc1 36.Qa6 Bd6
37.e5 Bxe5  0-1

[Event "KS Sommerskak op"]
[Site "Copenhagen"]
[Date "1997.??.??"]
[Round "?"]
[White "Strange, Mikkel"]
[Black "Adamski, Jan"]
[Result "1/2-1/2"]
[WhiteElo "2245"]
[BlackElo "2405"]

1.e4 c5 2.Nf3 e6 3.d4 cxd4 4.Nxd4 a6 5.Nc3 b5 6.a4 b4 7.Na2 Bb7 8.Bd3 Nf6
9.Qe2 Nc6 10.Nxc6 Bxc6 11.c3 bxc3 12.Nxc3 Bb4 13.O-O O-O 14.Bg5 Bxc3 15.bxc3 Qa5
16.Bd2  1/2-1/2

[Event "KS Sommerskak op"]
[Site "Copenhagen"]
[Date "1997.??.??"]
[Round "?"]
[White "Sylvan, Jacob"]
[Black "Hellsten, Johan"]
[Result "0-1"]
[WhiteElo "2245"]
[BlackElo "2485"]

1.e4 c5 2.Nf3 e6 3.d4 cxd4 4.Nxd4 a6 5.Nc3 Qc7 6.Be2 b5 7.O-O Bb7 8.Be3 Nf6
9.f3 d6 10.a3 Be7 11.Bd3 Nbd7 12.f4 Rc8 13.Qf3 Qb8 14.f5 e5 15.Nb3 O-O 16.g4 d5
17.exd5 Rxc3 18.bxc3 Nxd5 19.g5 Nxe3 20.Qxe3 Bd8 21.f6 Bb6 22.Nd4 g6 23.Qh3 h5
24.Qxd7 exd4 25.c4 bxc4 26.Rfb1 Bc7 27.Qxd4 cxd3 28.cxd3 Bxh2+ 29.Kf1 Be5
30.Rxb7 Bxd4  0-1

[Event "Copenhagen-ch"]
[Site "Copenhagen"]
[Date "1997.??.??"]
[Round "5"]
[White "Thuesen, Mogens"]
[Black "El Kher, Henrik"]
[Result "1/2-1/2"]
[WhiteElo "2225"]
[BlackElo "2270"]

1.e4 c5 2.Nf3 e6 3.Nc3 a6 4.d4 cxd4 5.Nxd4 d6 6.g3 Nf6 7.Bg2 Be7 8.O-O O-O
9.Nce2 Qc7 10.h3 Rd8 11.g4 d5 12.e5 Ne4 13.f3 Nc5 14.f4 Nc6 15.Be3 Ne4 16.Nxc6 bxc6
17.Bxe4 dxe4 18.Qe1 c5 19.Qg3 Rb8 20.b3 a5 21.f5 Ba6 22.Rae1 Rd1 23.Rxd1 Bxe2
24.Rde1 Bxf1 25.Rxf1 c4 26.Qf4 exf5 27.gxf5 cxb3 28.cxb3 Rb5 29.Rc1 Qd7 30.Qxe4 Rd5
31.e6 fxe6 32.Qxe6+ Qxe6 33.fxe6 Kf8 34.Rc8+ Rd8 35.Rc7 Rd6 36.Rc8+ Rd8 37.Rc6 Rd6
38.Rxd6 Bxd6 39.Bb6 Bb4 40.Bd8 Ke8 41.Bg5 h6 42.Be3 Ke7 43.Bd4 g6 44.Bb6 Kxe6
45.Kg2 Kf5  1/2-1/2

[Event "Cseppko op"]
[Site "Cseppko"]
[Date "1997.??.??"]
[Round "5"]
[White "Horvath, Csaba"]
[Black "Kovacs, Z."]
[Result "1/2-1/2"]
[WhiteElo "2485"]
[BlackElo "2235"]

1.e4 c5 2.Nf3 e6 3.d4 cxd4 4.Nxd4 a6 5.Nc3 Nc6 6.Be3 Qc7 7.Be2 Nf6 8.O-O Bb4
9.Nxc6 dxc6 10.Bd3 h5 11.Na4 Bd6 12.f4 e5 13.Nb6 Rb8 14.Nc4 Ng4 15.Nxd6+ Qxd6
16.Qf3 f6 17.f5 b5 18.Rad1 Qe7  1/2-1/2

[Event "Union de Reyes"]
[Site "CUB"]
[Date "1997.??.??"]
[Round "?"]
[White "Cabrera, Alexis"]
[Black "Paneque, Pedro"]
[Result "0-1"]
[WhiteElo "2305"]
[BlackElo "2375"]

1.e4 c5 2.Nc3 e6 3.Nf3 a6 4.d4 cxd4 5.Nxd4 Qc7 6.Be2 Nf6 7.O-O Be7 8.f4 d6
9.Be3 O-O 10.Bf3 Nbd7 11.Qe1 Nb6 12.Rd1 Nc4 13.Bc1 e5 14.Nf5 Bxf5 15.exf5 exf4
16.Bxf4 Rfe8 17.Bc1 d5 18.Kh1 d4 19.Rxd4 Bc5 20.Rxc4 Rxe1 21.Rxe1 Re8 22.Rxe8+ Nxe8
23.b4 Qe5 24.Bd2 Bd6 25.Rf4 Nf6 26.g3 h5 27.a3 b5 28.Kg2 Qe8 29.Rd4 Be5 30.Rd3 Qc8
31.Ne4 Nxe4 32.Bxe4 Qc4 33.Kf3 Bf6 34.h3 Qa2 35.Bc3 Bxc3 36.Rxc3 Qa1 37.Rc8+ Kh7
38.Kg2 Qxa3 39.f6+ g6 40.Rc7 Qa2 41.Re7 h4 42.gxh4 Qc4 43.h5 Qe2+ 44.Kg3 Qe3+
45.Kg4 Kh6 46.h4 g5 47.Re8 Qf4+ 48.Kh3 Qxh4+ 49.Kg2 Qg4+ 50.Kh2 Qxh5+ 51.Kg1 Qg4+
52.Kh1 Qh3+ 53.Kg1 Qe3+ 54.Kg2 g4  0-1

[Event "CZE-chT2 9697"]
[Site "CZE"]
[Date "1997.??.??"]
[Round "?"]
[White "Turner, Jan"]
[Black "Chloupek, Stanislav"]
[Result "1/2-1/2"]
[WhiteElo "2295"]
[BlackElo "2335"]

1.e4 c5 2.Nf3 e6 3.Nc3 a6 4.d4 cxd4 5.Nxd4 Qc7 6.Bd3 Nc6 7.Nxc6 bxc6 8.O-O Nf6
9.Qe2 d5 10.Bg5 Be7 11.Na4 dxe4 12.Bxe4 O-O 13.Qf3 Bb7 14.Bxf6 gxf6 15.Qg3+ Qxg3
16.hxg3 f5 17.Bf3 Rad8 18.Rad1  1/2-1/2

[Event "CZE-chT1c 9697"]
[Site "CZE"]
[Date "1997.??.??"]
[Round "?"]
[White "Lacina, Adolf"]
[Black "Soukal, Rudolf"]
[Result "1-0"]
[WhiteElo "2220"]
[BlackElo "2200"]

1.e4 c5 2.Nf3 e6 3.d4 cxd4 4.Nxd4 a6 5.Nc3 Qc7 6.Be2 Nf6 7.O-O Bb4 8.Qd3 d6
9.Bg5 Nbd7 10.Nb3 O-O 11.f4 b6 12.Bf3 Bb7 13.Ne2 e5 14.c3 Bc5+ 15.Kh1 Rfe8
16.Nd2 b5 17.f5 Bb6 18.Rad1 Qc6 19.Nb3 Nc5 20.Nxc5 dxc5 21.Ng3 Rad8 22.Qe2 Rxd1
23.Rxd1 h6 24.Bxf6 Qxf6 25.Nh5 Qc6 26.Qf2 g6 27.Qg3 Kh8 28.f6 Rg8 29.Qxe5 gxh5
30.Rd6 Qc7 31.Qf4 Kh7 32.Qf5+ Rg6 33.Rd7 Bc8 34.Rxc7 Bxf5 35.Rxf7+ Kg8 36.Rb7 Rxf6
37.exf5 h4 38.Bd5+ Kf8 39.Be6 Bd8 40.Kg1 b4 41.Kf2 bxc3 42.bxc3 Ba5 43.c4 Bc3
44.Kf3 Be5 45.Kg4 Bxh2 46.Kxh4 Ke8 47.Kh5 Bf4 48.Ra7 Kd8 49.a4 a5 50.Rxa5  1-0

[Event "Moravia-chT 9798"]
[Site "CZE"]
[Date "1997.??.??"]
[Round "1.2"]
[White "Vyskocil, Neklan"]
[Black "Biolek, Richard"]
[Result "0-1"]
[WhiteElo "2330"]
[BlackElo "2425"]

1.e4 c5 2.Nf3 e6 3.Nc3 a6 4.d4 cxd4 5.Nxd4 b5 6.Bd3 Qb6 7.Nde2 Bc5 8.O-O Nc6
9.Ng3 Nf6 10.Nh5 Nxh5 11.Qxh5 d6 12.Bf4 Ne7 13.Bg3 Bd7 14.Kh1 b4 15.Ne2 O-O
16.Rad1 Bb5 17.f4 f5 18.Bh4 g6 19.Qf3 Rae8 20.Bxb5 axb5 21.Qb3 Nc6 22.exf5 Na5
23.Qf3 exf5 24.Qd5+ Rf7 25.Nd4 Qb7 26.Qxb7 Rxb7 27.Nb3 Nxb3 28.axb3 Re2 29.Rfe1 Rxc2
30.Re8+ Kf7 31.Rde1 Bf2 32.Bxf2 Rxf2 33.g3 Rf1+ 34.Kg2 Rxe1 35.Rxe1 Re7 36.Rd1 Re2+
37.Kh3 Ke6 38.Rd3 Rxb2 39.g4 fxg4+ 40.Kxg4 Rxh2 41.Rd4 Kd7 42.Rxb4 Kc6 43.Rd4 d5
44.Rd3 Kc5 45.Kg3 Rh5 46.Rc3+ Kb4 47.Rd3 Ka3 48.Re3 d4  0-1

[Event "Moravia-chT 9798"]
[Site "CZE"]
[Date "1997.??.??"]
[Round "4.2"]
[White "Pisk, Petr"]
[Black "Vyskocil, Neklan"]
[Result "1-0"]
[WhiteElo "2310"]
[BlackElo "2330"]

1.Nf3 c5 2.e4 e6 3.d4 cxd4 4.Nxd4 a6 5.Nc3 d6 6.g3 Nf6 7.Bg2 Be7 8.O-O O-O
9.Be3 Qc7 10.Qe2 Bd7 11.a4 Nc6 12.Nxc6 Bxc6 13.a5 Rac8 14.Bb6 Qb8 15.Rfd1 Rfe8
16.Rd2 Nd7 17.Bd4 Qc7 18.b3 Bg5 19.Qg4 Bf6 20.Bxf6 Nxf6 21.Qf4 Red8 22.Rd3 Rd7
23.Qd2 h6 24.h3 Qd8 25.Qe1 d5 26.e5 Ne8 27.Rd4 Rdc7 28.Nd1 Qe7 29.Kh2 Bd7
30.Ne3 Rc6 31.c4 Qc5 32.Rad1 Nc7 33.cxd5 exd5 34.Bxd5 Rg6 35.Bxb7 Rb8 36.Be4  1-0

[Event "CZE-chT 9697"]
[Site "CZE"]
[Date "1997.??.??"]
[Round "7"]
[White "Biolek, Richard"]
[Black "Langner, Ladislav"]
[Result "1-0"]
[WhiteElo "2395"]
[BlackElo "2360"]

1.e4 c5 2.Nf3 e6 3.Nc3 a6 4.d4 cxd4 5.Nxd4 b5 6.Be3 Bb7 7.f3 Nf6 8.g4 b4
9.Na4 d5 10.e5 Nfd7 11.f4 g5 12.Bd3 gxf4 13.Bxf4 Nc6 14.Nf3 Qa5 15.b3 Bg7
16.Qe2 Nc5 17.Nxc5 Qxc5 18.Kf1 Rc8 19.Kg2 Ne7 20.Rae1 d4 21.Rhf1 Ng6 22.Kg3 h5
23.Ng5 Qe7 24.Bxg6 fxg6 25.Ne4 O-O 26.gxh5 gxh5 27.Qxh5 Bxe4 28.Rxe4 Rxc2
29.Rf3 Rf5 30.Qg6 Rc3 31.Rxd4 Rc2 32.Rfd3 Rc3 33.Kg4 Qf7 34.Rd8+  1-0

[Event "CZE-chT 9697"]
[Site "CZE"]
[Date "1997.??.??"]
[Round "8"]
[White "Gross, David"]
[Black "Pekarek, Ales"]
[Result "1-0"]
[WhiteElo "2360"]
[BlackElo "2440"]

1.e4 c5 2.Nf3 e6 3.d4 cxd4 4.Nxd4 a6 5.Nc3 Qc7 6.f4 Nc6 7.Nxc6 Qxc6 8.Bd3 Bc5
9.Qe2 d6 10.Bd2 Ne7 11.O-O-O Bd7 12.Rhe1 O-O 13.e5 d5 14.Qh5 g6 15.Qh4 Rfc8
16.g4 b5 17.f5 b4 18.Ne2 Qc7 19.Bg5 Bb5 20.Kb1 Nc6 21.Nf4 b3 22.cxb3 Nb4
23.Bf6 Qa5 24.a3 Nxd3 25.Nxd3 Bf8 26.Re3 h6 27.Rh3 Qc7 28.Qxh6 Bxd3+ 29.Ka2  1-0

[Event "CZE-chT 9697"]
[Site "CZE"]
[Date "1997.??.??"]
[Round "9"]
[White "Simacek, Pavel"]
[Black "Suran, Jan"]
[Result "1-0"]
[WhiteElo "2255"]
[BlackElo "2300"]

1.e4 c5 2.Nf3 e6 3.d4 cxd4 4.Nxd4 a6 5.Nc3 Qc7 6.g3 Nc6 7.Bg2 Nf6 8.O-O d6
9.Re1 Rb8 10.Nxc6 bxc6 11.e5 dxe5 12.Rxe5 Bd6 13.Re3 O-O 14.Rd3 Be7 15.b3 Nd5
16.Bb2 Rd8 17.Ne4 Bb7 18.Qh5 f6 19.Bh3 Bc8 20.c4 Nb4 21.Rxd8+ Qxd8 22.Rd1 Qf8
23.a3 Nc2 24.b4 c5 25.Rd2 Nd4 26.Nxc5 g6 27.Qd1 Bxc5 28.Bxd4 Be7 29.Bc5 Kg7
30.Bxe7 Qxe7 31.Rd8 Qc7 32.c5 Rb7 33.Bg2 Ra7 34.c6 e5 35.Qd6 Qxd6 36.Rxd6 Kf7
37.Rd8 Be6 38.Rb8 Re7 39.a4 Bb3 40.b5 Bxa4 41.b6  1-0

[Event "CZE-chT 9697"]
[Site "CZE"]
[Date "1997.??.??"]
[Round "10"]
[White "Gross, David"]
[Black "Oral, Tomas"]
[Result "1/2-1/2"]
[WhiteElo "2360"]
[BlackElo "2415"]

1.e4 c5 2.Nf3 e6 3.d4 cxd4 4.Nxd4 a6 5.Nc3 Qc7 6.f4 Nc6 7.Nxc6 bxc6 8.Bd3 d5
9.O-O Nf6 10.Qe2 Bb7 11.Bd2 Be7 12.Rae1 dxe4 13.Nxe4 Nxe4 14.Bxe4 O-O 15.Bc3 Rfe8
16.Rf3 g6 17.Qe3 Rad8 18.Rh3 Bf8 19.Bf6 Be7 20.Bc3 Bf8 21.Bf6 Be7  1/2-1/2

[Event "Providencia op"]
[Site "Debrecen"]
[Date "1997.??.??"]
[Round "5"]
[White "Adrian, Robert"]
[Black "Kovacs, Lajos"]
[Result "0-1"]
[WhiteElo "2005"]
[BlackElo "2260"]

1.e4 c5 2.Nf3 e6 3.d4 cxd4 4.Nxd4 a6 5.Nc3 Qc7 6.Be2 Nf6 7.Bg5 Bb4 8.O-O Bxc3
9.bxc3 Nxe4 10.Be3 Nxc3 11.Qd3 Nxe2+ 12.Qxe2 d5 13.Qg4 O-O 14.Rae1 Nc6 15.Nxc6 bxc6
16.Bf4 e5 17.Bxe5 Qxe5 18.Qxc8 Qxe1 19.Qxf8+ Kxf8 20.Rxe1 Rb8 21.c4 d4 22.g3 Rb2
23.Ra1 Rc2 24.Rb1 Rxc4 25.Rb6 d3 26.Rb1  0-1

[Event "Neckar op 1st"]
[Site "Deizisau"]
[Date "1997.??.??"]
[Round "6"]
[White "Englmeier, Heinz"]
[Black "Ivanov, Mikhail M"]
[Result "0-1"]
[WhiteElo "2140"]
[BlackElo "2500"]

1.e4 c5 2.Nf3 e6 3.Nc3 a6 4.d4 cxd4 5.Nxd4 b5 6.Bd3 Bb7 7.O-O Qc7 8.Re1 Nf6
9.Qe2 Nc6 10.Nf3 Nb4 11.a3 Nxd3 12.cxd3 Be7 13.Bg5 h6 14.Bh4 d6 15.Rac1 Qd8
16.d4 O-O 17.Qe3 Re8 18.Rcd1 Rc8 19.h3 Qb6 20.e5 Nd5 21.Nxd5 Bxd5 22.Bxe7 Rxe7
23.Rc1 Rec7 24.Rxc7 Qxc7 25.exd6 Qxd6 26.Ne5 Bb7 27.f3 Rc2 28.Qf4 Qc7 29.b4 Bd5
30.Re3 Bc4 31.h4 f6 32.Ng6 Qxf4 33.Nxf4 Kf7 34.d5 exd5 35.Ne6 Rd2 36.h5 d4
37.Nd8+ Kf8 38.Re4 d3 39.Rd4 Re2 40.Nb7  0-1

[Event "GER-ch U20 qual"]
[Site "Dortmund"]
[Date "1997.??.??"]
[Round "?"]
[White "Foetsch, Daniel"]
[Black "Prusikin, Mikhajlo"]
[Result "0-1"]
[WhiteElo "2145"]
[BlackElo "2430"]

1.e4 c5 2.Nf3 e6 3.d4 cxd4 4.Nxd4 a6 5.Nc3 Qc7 6.Bd3 Nf6 7.O-O Nc6 8.Be3 Nxd4
9.Bxd4 Bc5 10.Bxc5 Qxc5 11.Kh1 d6 12.f4 b5 13.Qe2 b4 14.Nb1 e5 15.a3 O-O
16.axb4 Qxb4 17.c3 Qc5 18.b4 Qc7 19.Ra5 exf4 20.Rxf4 Re8 21.Qf1 Re5 22.Ra3 d5
23.Nd2 Rh5 24.Be2 Rh6 25.h3 Bb7 26.Bd3 Nh5 27.Rf3 Ng3+ 28.Rxg3 Qxg3 29.Ra1 Rf6
30.Qe2  0-1

[Event "Dresden op"]
[Site "Dresden"]
[Date "1997.??.??"]
[Round "2"]
[White "Schaefer, Anke"]
[Black "Bischoff, Klaus"]
[Result "0-1"]
[WhiteElo "2160"]
[BlackElo "2535"]

1.e4 c5 2.Nf3 e6 3.d4 cxd4 4.Nxd4 a6 5.Nc3 Qc7 6.g3 Bb4 7.Ne2 Nf6 8.Bg2 Be7
9.a4 Nc6 10.O-O O-O 11.h3 d6 12.g4 Nd7 13.Be3 Re8 14.Qd2 b6 15.f4 Bb7 16.Rac1 Bf8
17.g5 Rad8 18.h4 Nc5 19.Nd4 Nxd4 20.Qxd4 Bc6 21.b4 Nd7 22.b5 axb5 23.Nxb5 Bxb5
24.axb5 Nc5 25.f5 Ra8 26.h5 Ra4 27.c4 Ra3 28.Rc3 Rxc3 29.Qxc3 g6 30.f6 Ra8
31.hxg6 hxg6 32.Rf4 Qa7 33.Kh2 Qa2 34.Rh4 Ra3 35.Qe1 Qb2 36.Bc1 Qe5+ 37.Bf4 Qd4
38.Qc1 Qf2 39.Rg4 Ra2 40.Qd1 Nxe4 41.Qd3 Nd2 42.Qh3 Nf3+  0-1

[Event "Dresden op"]
[Site "Dresden"]
[Date "1997.??.??"]
[Round "3"]
[White "Bartolomaeus, Christian"]
[Black "Lau, Ralf"]
[Result "1/2-1/2"]
[WhiteElo "2205"]
[BlackElo "2495"]

1.e4 c5 2.Nf3 e6 3.d4 cxd4 4.Nxd4 a6 5.Nc3 Qc7 6.f4 b5 7.Bd3 Bb7 8.Qe2 Nf6
9.e5 Nd5 10.Ne4 Nc6 11.Nxc6 Qxc6 12.O-O g6 13.Bd2 Be7 14.Rae1 O-O 15.Rf3 f5
16.exf6 Nxf6 17.Rg3 Nxe4 18.Bxe4 Qxe4 19.Qxe4 Bxe4 20.Rxe4 Rfc8 21.c3 Kf7
22.Rh3 h5 23.g4 d5 24.Re2 Bc5+ 25.Kg2 Rh8 26.gxh5 gxh5 27.Re5 Rag8+ 28.Kf3 Rg1
29.Rexh5 Rf1+ 30.Ke2 Rxh5 31.Rxh5 Ra1 32.a3 Ra2 33.b4 Bf8 34.Kd3 Rxa3 35.Kc2 Ra2+
36.Kd3 Bg7 37.Be3 Rg2 38.Bd4 Kg6 39.Rh3 Bxd4 40.Kxd4 Kf5 41.Rh8 Re2 42.Rf8+ Kg6
43.h3 Re4+ 44.Kc5 Kg7 45.Ra8 Rc4+ 46.Kd6 Rxc3 47.Kxe6 Rxh3 48.Ra7+ Kf8 49.Ra8+ Kg7  1/2-1/2

[Event "RUS-Cup5"]
[Site "Ekaterinburg"]
[Date "1997.??.??"]
[Round "2"]
[White "Sergeeva, Tatyana"]
[Black "Kozlov, Oleg"]
[Result "0-1"]
[WhiteElo "2250"]
[BlackElo "2380"]

1.e4 c5 2.Nf3 e6 3.d4 cxd4 4.Nxd4 a6 5.Nc3 b5 6.a3 Bb7 7.Be3 Qc7 8.Bd3 Nf6
9.O-O Bc5 10.Kh1 d6 11.Qe2 Qb6 12.Rad1 Nbd7 13.Bxb5 axb5 14.Ndxb5 O-O 15.Rxd6 Bc6
16.Qc4 Rfc8 17.Bxc5 Qxc5 18.Qxc5 Nxc5 19.f3 Ne8 20.Rd2 Na4 21.Rb1 Bxb5 22.Nxb5 Rab8
23.Rd4 Rxb5 24.Rxa4 Rxc2 25.Ra8 Kf8 26.b4 Ke7 27.h3 Rb7 28.a4 Nc7 29.Ra5 g6
30.Kh2 f5 31.exf5 gxf5 32.Re5 Rc4 33.b5 Kf6 34.Re2 Rxa4 35.b6 Nd5 36.g4 Rxb6
37.Rbe1 Nf4 38.Rd2 Rb3 39.Kg3 Raa3 40.Rf1 Nxh3 41.gxf5 Ng5 42.fxe6 Ne4+  0-1

[Event "BCF-chT 96/97"]
[Site "England"]
[Date "1997.??.??"]
[Round "8"]
[White "Hennigan, Rita"]
[Black "Bellin, Jana"]
[Result "1-0"]
[WhiteElo "2225"]
[BlackElo "2215"]

1.e4 c5 2.Nf3 e6 3.d4 cxd4 4.Nxd4 a6 5.Nc3 Qc7 6.g3 Bb4 7.Ne2 Be7 8.Bg2 Nf6
9.O-O Nc6 10.Be3 Rb8 11.h3 O-O 12.f4 d6 13.Qe1 b5 14.Qf2 Nd7 15.Nd4 Bb7 16.Rae1 Nxd4
17.Bxd4 b4 18.Nd1 Rbc8 19.c3 a5 20.cxb4 axb4 21.Ne3 Ba6 22.Rc1 Qa5 23.Rfd1 Rxc1
24.Rxc1 Qxa2 25.Rc7 Bf6 26.Ng4 Bxd4 27.Qxd4 Nc5 28.Qxd6 Nb3 29.Kh2 Be2 30.Rb7 h5
31.Ne3 Nc1 32.Qxb4 h4 33.Qd2 hxg3+ 34.Kxg3 Ba6 35.Ra7 Ne2+ 36.Qxe2  1-0

[Event "Schachschule Erlangen op"]
[Site "Erlangen"]
[Date "1997.??.??"]
[Round "1"]
[White "Schoebel, Klaus"]
[Black "Blum, Gernot"]
[Result "0-1"]
[WhiteElo "1683"]
[BlackElo "2130"]

1.e4 c5 2.Nf3 e6 3.Nc3 a6 4.d4 cxd4 5.Nxd4 Qc7 6.Nf3 Nc6 7.a3 Be7 8.Bd3 Nf6
9.O-O O-O 10.Bg5 h6 11.Bh4 b5 12.Qd2 Bb7 13.Rae1 d6 14.Ne2 Rfd8 15.Bxf6 Bxf6
16.c3 Rd7 17.Ng3 Ne5 18.Nxe5 dxe5 19.Qe2 Rad8 20.Rd1 Bg5 21.Rfe1 Bc6 22.Nf1 Qb7
23.f3 f5 24.exf5 Bh4 25.fxe6 Rxd3 26.Rxd3 Rxd3 27.Qxd3 Bxe1 28.Qd8+ Kh7 29.e7 Qa7+
30.Kh1 Bh4 31.e8=Q Bxd8 32.Qxc6 Qf2 33.Qe4+ g6 34.Qd3 Bg5 35.Qd7+ Kg8 36.Qe8+ Kg7
37.Qd7+ Kf8 38.Qd3 Qxb2 39.Qxg6 Qxc3 40.Qxa6 Qd3 41.Qa8+ Kf7 42.Qa7+ Be7
43.Ng3 Qd1+ 44.Qg1 Qxg1+ 45.Kxg1 Bxa3 46.Kf2 Ke6 47.Ke2 Kd5 48.Kd3 Bf8 49.Ne4 Be7
50.Kc3 b4+ 51.Kb3 Kd4 52.Ng3 Kd3 53.Nf5 Bf8 54.Nh4 Ke2 55.g4 Kf2 56.Ng6 Bd6
57.Nh8 Kxf3 58.Nf7 Bc7 59.Nxh6 e4 60.Nf5 Kxg4 61.Ne3+ Kf3 62.Nd5 Bd6 63.h4 e3
64.Nxe3 Kxe3 65.h5  0-1

[Event "FRA-chT9697 groupe A"]
[Site "France"]
[Date "1997.??.??"]
[Round "2"]
[White "Beghadi, Mourad"]
[Black "Vaisman, Volodia"]
[Result "0-1"]
[WhiteElo "2205"]
[BlackElo "2380"]

1.e4 c5 2.Nf3 e6 3.d4 cxd4 4.Nxd4 a6 5.Nc3 d6 6.a4 Nf6 7.Nb3 Be7 8.Be2 O-O
9.O-O Nc6 10.Be3 b6 11.f4 Rb8 12.Bf3 Qc7 13.Kh1 Na5 14.Nd2 e5 15.f5 Bb7 16.Be2 Ra8
17.Qe1 d5 18.exd5 Nxd5 19.Nxd5 Bxd5 20.f6 Bxf6 21.Rxf6 gxf6 22.c4 Bb7 23.b4 Kh8
24.Qh4 Qd6 25.bxa5 Rg8 26.Bf3 Bxf3 27.Nxf3 bxa5 28.c5 Qc6 29.Qc4 Ra7 30.Rf1 Rb7
31.Qc2 Rb4 32.Rd1 Rxa4 33.Rd6 Ra1+ 34.Bg1 Qxf3  0-1

[Event "FRA-chT9697 groupe B"]
[Site "France"]
[Date "1997.??.??"]
[Round "3"]
[White "Gachon, Lionel"]
[Black "Forintos, Gyozo V"]
[Result "0-1"]
[WhiteElo "2400"]
[BlackElo "2275"]

1.e4 c5 2.Nf3 e6 3.d4 cxd4 4.Nxd4 a6 5.Nc3 Qc7 6.Bd3 g6 7.O-O Bg7 8.Nb3 Ne7
9.f4 d6 10.a4 Nbc6 11.Be3 b6 12.f5 gxf5 13.exf5 exf5 14.Qh5 Be6 15.Rf4 Be5
16.Rf2 Rg8 17.Raf1 Qb7 18.Qe2 h5 19.Bf4 h4 20.h3 Rg6 21.Bc4 Nd4 22.Nxd4 Bxd4
23.Bxe6 Qxg2+  0-1

[Event "FRA-chT9697 groupe A"]
[Site "France"]
[Date "1997.??.??"]
[Round "5"]
[White "Lamoureux, Charles"]
[Black "Letreguilly, Olivier"]
[Result "1-0"]
[WhiteElo "2370"]
[BlackElo "2265"]

1.e4 c5 2.Nf3 e6 3.d4 cxd4 4.Nxd4 a6 5.Nc3 Qc7 6.Be2 Nc6 7.Be3 Nf6 8.O-O Bb4
9.Na4 Be7 10.c4 Nxe4 11.Rc1 d6 12.Bf3 Nf6 13.Nxc6 bxc6 14.Nb6 Rb8 15.Nxc8 Qxc8
16.Qa4 O-O 17.Bxc6 Rxb2 18.Rb1 Qb8 19.Rxb2 Qxb2 20.h3 d5 21.Qxa6 Qe5 22.Rd1 Bd6
23.cxd5 Qh2+ 24.Kf1 Ne4 25.dxe6 Nc3 26.exf7+ Kh8 27.Ke1 Qg1+ 28.Kd2 Nxd1
29.Bd4 Nxf2 30.Qe2 Bb4+ 31.Kc2 Qd1+ 32.Qxd1 Nxd1 33.Be8 h5 34.Kxd1 Kh7 35.Kc2 Kg6
36.Kb3 Ba5 37.a4 Rxf7 38.Kc4 h4 39.Kb5 Be1 40.a5  1-0

[Event "Frydek-Mistek (Women)"]
[Site "Frydek-Mistek"]
[Date "1997.??.??"]
[Round "?"]
[White "Malashenko, Alyona"]
[Black "Svobodova, Michaela"]
[Result "1/2-1/2"]
[WhiteElo "2250"]
[BlackElo "2205"]

1.e4 c5 2.Nf3 e6 3.d4 cxd4 4.Nxd4 a6 5.Nc3 b5 6.a3 d6 7.g3 Bb7 8.Bg2 Nf6
9.O-O Nbd7 10.Qe2 Qc7 11.Bd2 Be7 12.Rad1 O-O 13.Kh1 Rac8 14.f4 Rfd8 15.f5 e5
16.Nb3 Nb6 17.Na5 Ba8 18.Rde1 d5 19.exd5 Nfxd5 20.Qxe5 Qxe5 21.Rxe5 Bf6 22.Re2 Nxc3
23.Bxc3 Bxc3 24.bxc3 Rxc3 25.Bxa8 Rxa8 26.Rfe1 h5 27.Re8+ Rxe8 28.Rxe8+ Kh7
29.Re7 f6 30.Nb3 Rxc2 31.Nd4 Rd2 32.Ne6 Nc4 33.Rxg7+ Kh8 34.Rg6 Ne5 35.Rxf6 Nf3
36.Rf8+ Kh7 37.Rf7+ Kg8 38.Rf8+ Kh7  1/2-1/2

[Event "Frydek-Mistek op-A"]
[Site "Frydek-Mistek"]
[Date "1997.??.??"]
[Round "1"]
[White "Antoniewski, Rafal"]
[Black "Rogovski, Vladimir"]
[Result "1-0"]
[WhiteElo "2310"]
[BlackElo "2455"]

1.e4 c5 2.Nf3 e6 3.d4 cxd4 4.Nxd4 a6 5.Nc3 Qc7 6.Bd3 Nf6 7.f4 Nc6 8.Nb3 d6
9.Qf3 b5 10.g4 b4 11.Ne2 d5 12.e5 Ne4 13.Be3 Bb7 14.Ned4 Be7 15.O-O-O a5
16.Nb5 Qb8 17.Bxe4 dxe4 18.Qxe4 O-O 19.Rhg1 a4 20.Nc5 b3 21.Nc3 bxa2 22.Nxa2 Rc8
23.Rd7 Bxc5 24.Bxc5 Na5 25.Qb4 Bc6 26.Qxb8 Raxb8 27.Re7 Rb5 28.Bb4 Nc4 29.Bc3 Rcb8
30.Rc7 Bd5 31.Nb4 g6 32.Nxd5 exd5 33.e6 fxe6 34.Rg7+ Kf8 35.Rxh7 Rxb2 36.Bxb2 Rxb2
37.Rg3  1-0

[Event "Frydek-Mistek op-A"]
[Site "Frydek-Mistek"]
[Date "1997.??.??"]
[Round "4"]
[White "Rogovski, Vladimir"]
[Black "Ostrowski, Leszek"]
[Result "1-0"]
[WhiteElo "2455"]
[BlackElo "2355"]

1.e4 c5 2.Nf3 e6 3.d4 cxd4 4.Nxd4 a6 5.Nc3 b5 6.Bd3 Qb6 7.Nb3 Nc6 8.a4 b4
9.a5 Qc7 10.Na4 Nxa5 11.Nxa5 Qxa5 12.Be3 Qc7 13.Nb6 Rb8 14.Nxc8 Rxc8 15.Rxa6 Bc5
16.Qg4 Bxe3 17.Qxg7 Ke7 18.fxe3 Nf6 19.O-O Qe5 20.Qh6 Rhg8 21.Qf4 Rc5 22.Rb6 Rg7
23.Rxb4 Qg5 24.Rf2 Ng4 25.Qxg5+ Rcxg5 26.Re2 Ra5 27.Re1 Ne5 28.Kf1 Ra8 29.Rb7 Rg6
30.Bb5 Rf6+ 31.Kg1 Rg8 32.Rd1 Rg4 33.Bxd7 Kf8 34.Bb5 Rxe4 35.Rf1 Rxf1+ 36.Bxf1 Rxe3
37.h3 Re1 38.Kf2 Rc1 39.Rc7 Ng6 40.b4 Nf4 41.b5 Nd5 42.Rc8+ Ke7 43.c4 Kd7
44.Rf8 Ke7 45.Rc8 Nf6 46.Bd3 Nd7 47.Ra8 Kd6 48.Ra7 Rc3 49.Be2 f5 50.Ra6+ Ke7
51.Rc6 Ne5 52.Rc7+ Kf6 53.b6 Nf7 54.Bf3 Ne5 55.Rc8  1-0

[Event "Frydek-Mistek op-A"]
[Site "Frydek-Mistek"]
[Date "1997.??.??"]
[Round "5"]
[White "Simacek, Pavel"]
[Black "Rogovski, Vladimir"]
[Result "1/2-1/2"]
[WhiteElo "2255"]
[BlackElo "2455"]

1.e4 c5 2.Nf3 e6 3.d4 cxd4 4.Nxd4 a6 5.Nc3 Qc7 6.g3 Bb4 7.Ne2 Nf6 8.Bg2 Be7
9.O-O Nc6 10.h3 b5 11.f4 b4 12.Na4 d5 13.exd5 Nxd5 14.c4 Nb6 15.Nxb6 Qxb6+
16.Kh2 O-O 17.Qc2 Bb7 18.b3 Bf6 19.Bb2 Bxb2 20.Qxb2 Rab8 21.f5 exf5 22.Rxf5 Ne7
23.c5 Qa7 24.Rh5 Bxg2 25.Kxg2 g6 26.Re5 Nc6 27.Re4 Qxc5 28.Nf4 Nd4 29.Rc1 Qa7
30.Rd1 Nf5 31.Rd8 Rbxd8 32.Nd5 Qb7 33.Nf6+ Kh8 34.Kh2 Qc6 35.Rc4 Qf3 36.Nh5+ Kg8
37.Nf6+ Kg7 38.Ng4+ Kg8 39.Nf6+ Kh8 40.Nh5+ Kg8 41.Nf6+  1/2-1/2

[Event "BL2-W9798"]
[Site "Germany"]
[Date "1997.??.??"]
[Round "?.2"]
[White "Kuijf, Marinus"]
[Black "Kengis, Edvins"]
[Result "0-1"]
[WhiteElo "2460"]
[BlackElo "2590"]

1.e4 c5 2.Nc3 e6 3.Nge2 a6 4.d4 cxd4 5.Nxd4 b5 6.Bd3 Qb6 7.Nb3 Qc7 8.O-O Bb7
9.a3 d6 10.f4 Nd7 11.Qe2 Ngf6 12.Bd2 Be7 13.Rae1 e5 14.Nd1 O-O 15.Na5 Rfe8
16.Nxb7 Qxb7 17.Nc3 exf4 18.Bxf4 Ne5 19.Bg5 Nfd7 20.Be3 Bd8 21.Kh1 Bb6 22.Bc1 Bd4
23.Nd5 Nc5 24.b4 Na4 25.c4 Nxd3 26.Qxd3 Be5 27.cxb5 axb5 28.Bf4 Nb2 29.Qf3 Nc4
30.Bxe5 Rxe5 31.Kg1 f5  0-1